| 000 | 00537nam a2200157 4500 | ||
|---|---|---|---|
| 008 | 171128b xxu||||| |||| 00| 0 eng d | ||
| 022 | _a | ||
| 082 |
_2Aug-Oct 2013 v. 182 n. 6 _aDPer 050 _bT48 |
||
| 100 |
_923738 _aGibbs, Robert. |
||
| 245 |
_a Helen Thomas tireless white house reporter/ _cRobert Gibbs. |
||
| 260 |
_aNew York: _bTime Inc., _cAug-Oct c2013. |
||
| 300 |
_av182 n6, page 10: _billustration; _c27 cm. |
||
| 650 | 0 |
_923736 _aReports and reporting _vPeriodicals |
|
| 650 | 0 |
_923737 _aJournalism _vPeriodicals |
|
| 942 |
_2ddc _cPER |
||
| 999 |
_c7830 _d7830 |
||